| 000 | 00315nam a22001217a 4500 | ||
|---|---|---|---|
| 008 | 230621b xxu||||| |||| 00| 0 eng d | ||
| 082 |
_a328.06 _bIPU |
||
| 100 | _cIPU | ||
| 245 |
_a112th Inter-Parliamentary Union Assembly _b3-8 April 2005 |
||
| 260 |
_bSenate of Philippines _c2005 |
||
| 300 | _a19p | ||
| 942 |
_2ddc _cBK |
||
| 999 |
_c2121 _d2121 |
||